The common wealth in ocean fisheries : (Record no. 3251)
[ view plain ]
| 000 -LEADER | |
|---|---|
| fixed length control field | 01128cam a22002891 4500 |
| 001 - CONTROL NUMBER | |
| control field | 3251 |
| 003 - CONTROL NUMBER IDENTIFIER | |
| rucl marc code | BD-RjUL |
| 005 - DATE AND TIME OF LATEST TRANSACTION | |
| control field | 20211208233712.0 |
| 008 - FIXED-LENGTH DATA ELEMENTS--GENERAL INFORMATION | |
| fixed length control field | 131218s1965 mduab b 001 0 eng |
| 035 ## - SYSTEM CONTROL NUMBER | |
| System control number | (BD-RjUL)3285 |
| System control number | (OCoLC)560077 |
| 040 ## - CATALOGING SOURCE | |
| Original cataloging agency | DLC |
| Transcribing agency | ODaWU |
| Modifying agency | OCoLC |
| -- | DLC |
| -- | BD-RjUL |
| Language of cataloging | eng |
| 041 ## - LANGUAGE CODE | |
| Language code of text/sound track or separate title | eng |
| 082 ## - DEWEY DECIMAL CLASSIFICATION NUMBER | |
| Classification number | 338.3727 |
| Author mark and year | CHC 1965 |
| 100 1# - MAIN ENTRY--PERSONAL NAME | |
| Personal name | Christy, Francis T. |
| 9 (RLIN) | 10271 |
| 245 14 - TITLE STATEMENT | |
| Title | The common wealth in ocean fisheries : |
| Remainder of title | some problems of growth and economic allocation / |
| Statement of responsibility, etc. | Francis T. Christy, Jr. and Anthony Scott. |
| 260 ## - PUBLICATION, DISTRIBUTION, ETC. (IMPRINT) | |
| Place of publication, distribution, etc. | Baltimore : |
| Name of publisher, distributor, etc. | Published for Resources for the Future by the Johns Hopkins Press , |
| Date of publication, distribution, etc. | c1965 |
| 300 ## - PHYSICAL DESCRIPTION | |
| Pagination | xiii, 281 p. : |
| Illustrations | illus., maps. ; |
| Size | 23 cm. |
| 504 ## - BIBLIOGRAPHY, ETC. NOTE | |
| Bibliography, etc | Bibliography: p. 253-261. and index. |
| 650 #0 - SUBJECT ADDED ENTRY--TOPICAL TERM | |
| Topical term or geographic name as entry element | Fisheries. |
| 9 (RLIN) | 10272 |
| 700 1# - ADDED ENTRY--PERSONAL NAME | |
| Personal name | Scott, Anthony, |
| Dates associated with a name | 1923- |
| Relator term | joint author. |
| 710 2# - ADDED ENTRY--CORPORATE NAME | |
| Corporate name or jurisdiction name as entry element | Resources for the Future. |
| 9 (RLIN) | 9272 |
| 856 ## - ELECTRONIC LOCATION AND ACCESS | |
| Uniform Resource Identifier | <a href="http://www.worldcat.org/title/common-wealth-in-ocean-fisheries-some-problems-of-growth-and-economic-allocation/oclc/560077&referer=brief_results">http://www.worldcat.org/title/common-wealth-in-ocean-fisheries-some-problems-of-growth-and-economic-allocation/oclc/560077&referer=brief_results</a> |
| 942 ## - ADDED ENTRY ELEMENTS (KOHA) | |
| Source of classification or shelving scheme | Dewey Decimal Classification |
| Koha item type | Books |
| Lost status | Source of classification or shelving scheme | Damaged status | Not for loan | Collection code | Permanent Location | Current Location | Shelving location | Date acquired | Source of acquisition | Cost, normal purchase price | Total Checkouts | Full call number | Date last seen | Copy number | Koha item type |
|---|---|---|---|---|---|---|---|---|---|---|---|---|---|---|---|
| Dewey Decimal Classification | Not For Loan | Non-fiction | Central Library, University of Rajshahi | Central Library, University of Rajshahi | Reading Room | 28/08/1968 | Zeitlinger | 57.00 | 338.3727 CHC 1965 | 18/12/2013 | C-1 | Books |